000
00357nam a2200157Ia 4500
008
231217s9999 xx 000 0 und d
020
_a
74632906
041
_a
English
082
_a
001.6424JAV NAU1;44
100
_a
Naughton, Patrick
245
0
_a
Java handbook
260
_c
1996
_b
TMH
_a
New Delhi
300
_a
424
650
_a
Java
942
_c
AA
999
_c
177990
_d
177990